000 01037 a2200325 4500
005 20250814152016.0
008 250814b |||||||| |||| 00| 0 eng d
022 _a10219730/2025
022 _a20726589/2025
041 _aFr
041 _aEn
044 _aCIV
090 _bDG/A/1647
100 _aN'DA, Hugue Annicet
100 _a
110 _aCentre National de Recherche Agronomique
_bCt̥e d'Ivoire
110 _bCote d'Ivoire
_aCentre National de Recherche Agronomique
245 _aInventaire et importance des maladies du mil dans le nord de la Cote d'Ivoire
260 _aAfrican Crop Science Journal, Vol. 33, No. 1, pp.
260 _cFev 2025
302 _a p.1-7
388 _a2025-08-14
650 _2AGROVOC
_gCote d'Ivoire
650 _gErgot
_2AGROVOC
650 _gMorve rouge
_2AGROVOC
650 _gHelminthosporiose
_2AGROVOC
650 _gkabatiellose
_2AGROVOC
650 _gpokkah boeng
_2AGROVOC
856 _uhttps://ftech.byethost7.com/wp-content/uploads/2025/08/DGA1647.pdf
999 _c5966
_d5966